000 00272nam a2200121Ia 4500
008 190216s9999||||xx |||||||||||||| ||und||
100 _aSeema Nirupam
245 0 _aHindi-Sathya Jeevan
260 _bShani Pusthaka Mandir
300 _a80
650 _aHindi
942 _cBK
999 _c16157
_d16157